Legends of Lotus Island into The Shadow Mist/ (Record no. 203142)

MARC details
000 -LEADER
fixed length control field 00526 a2200193 4500
005 - DATE AND TIME OF LATEST TRANSACTION
control field 20240522104926.0
010 ## - LCCN (DPL NO)
LC control number B-759151
020 ## - INTERNATIONAL STANDARD BOOK NUMBER
International Standard Book Number 9789354717888
Terms of availability 350.00
035 ## - SYSTEM CONTROL NUMBER
System control number B-759151
037 ## - SOURCE OF ACQUISITION
Source of stock number/acquisition Gift
082 ## - DEWEY DECIMAL CLASSIFICATION NUMBER
Classification number N
100 ## - MAIN ENTRY--PERSONAL NAME
Personal name Soontornvat, Christina
245 ## - TITLE STATEMENT
Title Legends of Lotus Island into The Shadow Mist/
Statement of responsibility, etc Christina Soontornvat
260 ## - PUBLICATION, DISTRIBUTION, ETC. (IMPRINT)
Place of publication, distribution, etc New York
Name of publisher, distributor, etc Scholastic
Date of publication, distribution, etc 2022
270 ## - ADDRESS
Address New York
300 ## - PHYSICAL DESCRIPTION
Extent 140 p.
Dimensions 20 cm(Pb)
942 ## - ADDED ENTRY ELEMENTS (KOHA)
Institution code [OBSOLETE] dpl
Item type Children Books
Source of classification or shelving scheme Dewey Decimal Classification
Classification part N
Call number suffix SOO
Holdings
Withdrawn status Lost status Not for loan Collection code Home library Current library Date acquired Source of acquisition Cost, normal purchase price Full call number Barcode Copy number Cost, replacement price Koha item type Public note
      Fiction Sarojini Nagar Sarojini Nagar 22/05/2024 Gift/20.5.24 350.00 N SOO B-759151 1 350.00 Children Books Gift

© Delhi Public Library
Hit Counter
free hit counter